| 000 | 02574aam a2200349 i 4500 | ||
|---|---|---|---|
| 001 | 768714001 | ||
| 003 | CO-MdFUSB | ||
| 005 | 20240115152440.0 | ||
| 007 | ta | ||
| 008 | 231002t19981998ck a||ag |||| 00| 0 spa d | ||
| 020 | _a[No incluye ISBN] | ||
| 040 |
_aCO-MdFUSB _bspa _cCO-MdFUSB _dCO-MdFUSBC _erda |
||
| 041 | _aspa | ||
| 082 |
_223 _a241.6765 _bV715 |
||
| 100 |
_aVillamil Bautista, Luis B, _eautor |
||
| 245 | 1 | 3 |
_aLo que deben saber los Novios antes de casarse _b : orientaciones para lograr un noviazgo dichoso y un matrimonio felíz _c/ Luis B. Villamil Bautista |
| 250 | _aprimera edición | ||
| 264 | 0 |
_aMedellín, Colombia : _bLuvil, _c[1998] |
|
| 300 |
_a330 páginas _c; 23 cm |
||
| 336 |
_2rdacontent _atexto _btxt |
||
| 337 |
_2rdamedia _asin mediación _bn |
||
| 338 |
_2rdacarrier _avolumen _bnc |
||
| 504 | _aIncluye bibliografía | ||
| 505 | _aEl amor y sus diferentes significados -- La madurez y los contrayentes -- Noviazgo y manejo de los desacuerdos -- Comunicación y manejo de las finanzas en el hogar -- Propósitos divinos de la relación sexual -- Dos personas en una sola carne -- Planificación familiar de la pareja -- La recreación en la pareja y en la familia -- La pareja y su relación con los suegros -- El compromiso en yugo desigual -- Comienzo real del matrimonio -- La pareja y sus primeros ocho años de matrimonio -- El arte de ser esposos -- Vistazo de la pareja entre los 8 y 30 años de vida matrimonial -- Vistazo de la pareja a la vejez, soledad y muerte -- Materiales auxiliares para el participante. | ||
| 520 | _aHace treinta años que el autor de esta obra pertenece a la Iglesia adventista, durante los cuales ha sido testigo y consumador de muchas ceremonias matrimoniales, incluyendo la suya. Por lo general no ha sido práctica de los pastores adventistas y de otras comunidades religiosas, impartir a los contrayentes un curso formal de educación básica para el matrimonio. Para atender en parte esta necesidad sentida, el autor decidió preparar esta obra, dirigida especialmente a los novios y a los esposos. A los novios, porque antes de que ellos den este paso decisivo deben, al menos, echar una mirada general a las distintas etapas del matrimonio para que conozcan los deberes, derechos y privilegios que van a adquirir como individuos frente a Dios, a su conyugue, a sus hijos, a la familia y a la sociedad. | ||
| 563 | _aRústico | ||
| 650 | 7 |
_9291 _aMatrimonio _bCristianismo _xAspectos religiosos |
|
| 650 | 0 |
_aVida cristiana _919 |
|
| 653 | _aNoviazgo | ||
| 942 | _cBK | ||
| 945 | _asor1564 | ||
| 999 |
_c69084 _d69084 |
||